[Event "FRA Team Ch"]
[Site "MONTPELLIER"]
[Date "2002.02.03"]
[Round "3.5"]
[White "Bujisho, Benjamin"]
[Black "Van Elst, Andreas"]
[Result "1-0"]
[WhiteElo "2358"]
[BlackElo "2298"]
[PlyCount "43"]
[EventDate "2002.02.??"]
[WhiteTeam "Nice"]
[BlackTeam "Toulouse"]

1. e4 c5 2. Nc3 a6 3. g3 b5 4. Bg2 Bb7 5. d3 e6 6. Nh3 d6 7. O-O Nf6 8. f4 Nbd7
9. Qe2 b4 10. Nd1 Be7 11. Ne3 O-O 12. g4 Nb6 13. g5 Nfd7 14. Qg4 d5 15. f5 dxe4
16. f6 Bd6 17. fxg7 Kxg7 18. Qh5 Ne5 19. b3 Ng6 20. Ng4 f5 21. gxf6+ Kh8 22.
Ng5 1-0

[Event "FRA Team Ch"]
[Site "MONTPELLIER"]
[Date "2002.02.03"]
[Round "3.6"]
[White "Dimitrov, Christo"]
[Black "Brochet, Philippe"]
[Result "0-1"]
[WhiteElo "2212"]
[BlackElo "2381"]
[PlyCount "34"]
[EventDate "2002.02.??"]
[WhiteTeam "Toulouse"]
[BlackTeam "Nice"]

1. Nf3 d5 2. c4 dxc4 3. Na3 a6 4. Nxc4 b5 5. Ne3 Bb7 6. d4 e6 7. Nc2 Nf6 8. Bg5
Nbd7 9. e3 c5 10. dxc5 Nxc5 11. Qxd8+ Rxd8 12. Rd1 Na4 13. Rxd8+ Kxd8 14. Bxf6+
gxf6 15. b3 Nc3 16. a3 Be4 17. Nb4 a5 0-1

[Event "FRA Team Ch"]
[Site "MONTPELLIER"]
[Date "2002.02.03"]
[Round "3.7"]
[White "Leski, Marc"]
[Black "Laurain, Dominique"]
[Result "1-0"]
[WhiteElo "2421"]
[BlackElo "2107"]
[PlyCount "69"]
[EventDate "2002.02.??"]
[WhiteTeam "Nice"]
[BlackTeam "Toulouse"]

1. Nf3 Nf6 2. g3 b6 3. Bg2 Bb7 4. O-O c5 5. c4 e6 6. Nc3 Be7 7. d4 cxd4 8. Qxd4
O-O 9. Rd1 d6 10. b3 Nbd7 11. e4 a6 12. Ba3 Nc5 13. e5 dxe5 14. Qxd8 Rfxd8 15.
Nxe5 Bxg2 16. Kxg2 Bf8 17. Bxc5 Bxc5 18. Na4 Ne4 19. f3 Nd2 20. Nxc5 bxc5 21.
Kf2 f6 22. Ng4 Rd4 23. Ne3 Rad8 24. Ke2 f5 25. Rac1 g5 26. b4 cxb4 27. Nc2 Nxf3
28. Nxd4 Nxd4+ 29. Ke3 e5 30. g4 Nc2+ 31. Kf2 Rxd1 32. Rxd1 f4 33. c5 Na3 34.
c6 Nb5 35. Rd5 1-0

[Event "FRA Team Ch"]
[Site "MONTPELLIER"]
[Date "2002.02.03"]
[Round "3.8"]
[White "Vilaisarn, Akkhavanh"]
[Black "Nicoara, Malina"]
[Result "1/2-1/2"]
[WhiteElo "2170"]
[BlackElo "2225"]
[PlyCount "45"]
[EventDate "2002.02.??"]
[WhiteTeam "Toulouse"]
[BlackTeam "Nice"]

1. d4 Nf6 2. Nf3 d6 3. c4 Nbd7 4. e3 e5 5. Be2 Be7 6. O-O O-O 7. Nc3 c6 8. b3
Qc7 9. Bb2 Re8 10. Qc2 Bf8 11. Rfd1 b6 12. Rac1 Bb7 13. a3 Rac8 14. b4 a6 15.
Qb1 Qb8 16. dxe5 dxe5 17. Ng5 g6 18. Nce4 c5 19. bxc5 bxc5 20. Nxf6+ Nxf6 21.
Bf3 Bg7 22. Qa1 Bc6 23. Bxc6 1/2-1/2

[Event "FRA Team Ch"]
[Site "MONTPELLIER"]
[Date "2002.02.03"]
[Round "3.9"]
[White "Coutton, Sylvain"]
[Black "Mourgues, Joelle"]
[Result "1-0"]
[WhiteElo "2166"]
[BlackElo "1770"]
[PlyCount "59"]
[EventDate "2002.02.??"]
[WhiteTeam "Nice"]
[BlackTeam "Toulouse"]

1. d4 Nf6 2. c4 e6 3. Nc3 Bb4 4. Bg5 O-O 5. e3 h6 6. Bh4 c5 7. d5 d6 8. Bd3
Bxc3+ 9. bxc3 e5 10. Ne2 Nbd7 11. f4 Re8 12. O-O e4 13. Bc2 b6 14. Ba4 Qe7 15.
Bc6 Rb8 16. Qa4 a6 17. Bxf6 gxf6 18. Ng3 b5 19. Qd1 f5 20. Nxf5 Qf6 21. Qh5 Kh7
22. Nxd6 Re7 23. Nf5 b4 24. Nxe7 Qxe7 25. Bxd7 Bxd7 26. cxb4 Rxb4 27. Qe5 Qxe5
28. fxe5 Kg7 29. Rab1 Rxb1 30. Rxb1 1-0

[Event "FRA Team Ch"]
[Site "MONTPELLIER"]
[Date "2002.02.03"]
[Round "3.1"]
[White "Shchekachev, Andrei"]
[Black "Magem Badals, Jordi"]
[Result "1-0"]
[WhiteElo "2573"]
[BlackElo "2502"]
[PlyCount "79"]
[EventDate "2002.02.??"]
[WhiteTeam "Montpellier"]
[BlackTeam "Orange"]

1. c4 c6 2. Nf3 d5 3. d4 Nf6 4. Nc3 a6 5. a4 e6 6. Bg5 Nbd7 7. a5 h6 8. Bh4 Bb4
9. Qa4 Be7 10. e3 b5 11. axb6 Nxb6 12. Qa5 dxc4 13. Ne5 Bb7 14. Bxc4 Rc8 15.
O-O O-O 16. Rfd1 Nxc4 17. Nxc4 Qxa5 18. Nxa5 Ba8 19. Nb3 Rb8 20. Nc5 Bxc5 21.
dxc5 Rxb2 22. Bxf6 gxf6 23. Rxa6 Rc2 24. Ra3 Bb7 25. h3 Kg7 26. Rd7 Ra8 27.
Rxa8 Bxa8 28. Ne4 f5 29. Nd6 Rxc5 30. Rxf7+ Kg6 31. Ra7 Rd5 32. Nc4 Rc5 33. Nb6
Rc1+ 34. Kh2 Bb7 35. Rxb7 Rb1 36. Rb8 c5 37. Nd7 Rxb8 38. Nxb8 c4 39. Nc6 c3
40. Nb4 1-0

[Event "FRA Team Ch"]
[Site "MONTPELLIER"]
[Date "2002.02.03"]
[Round "3.2"]
[White "Lepelletier, Benoit"]
[Black "Hamdouchi, Hichem"]
[Result "1/2-1/2"]
[WhiteElo "2444"]
[BlackElo "2522"]
[PlyCount "87"]
[EventDate "2002.02.??"]
[WhiteTeam "Orange"]
[BlackTeam "Montpellier"]

1. e4 c5 2. Nf3 Nc6 3. Bb5 e6 4. O-O Nge7 5. b3 a6 6. Bxc6 Nxc6 7. Bb2 Qc7 8.
c4 b6 9. Nc3 Bd6 10. Ne2 O-O 11. d4 cxd4 12. Nexd4 Bb7 13. Re1 Rfe8 14. Qc1
Nxd4 15. Bxd4 e5 16. Bb2 Bf8 17. Qg5 d6 18. Rac1 Bc6 19. Qe3 b5 20. Nd2 Qb7 21.
Rc2 h6 22. Rec1 b4 23. Re1 a5 24. Nf1 f5 25. f3 fxe4 26. fxe4 Be7 27. Ng3 Bd8
28. Kh1 Bb6 29. Qd3 Bc5 30. Bc1 a4 31. Be3 axb3 32. axb3 Rf8 33. h3 Rf6 34.
Bxc5 dxc5 35. Qe3 Ra3 36. Kh2 Qa7 37. Nf5 Kh7 38. Rd2 Qf7 39. Qxc5 Rxb3 40. Nd6
Qg6 41. Qxe5 Re6 42. Qf4 Rf6 43. Qe5 Re6 44. Qf4 1/2-1/2

[Event "FRA Team Ch"]
[Site "MONTPELLIER"]
[Date "2002.02.03"]
[Round "3.3"]
[White "Flear, Glenn C"]
[Black "Guadalpi, David"]
[Result "1-0"]
[WhiteElo "2511"]
[BlackElo "2315"]
[PlyCount "53"]
[EventDate "2002.02.??"]
[WhiteTeam "Montpellier"]
[BlackTeam "Orange"]

1. d4 Nf6 2. c4 c5 3. d5 b5 4. Nf3 Bb7 5. Nbd2 e6 6. dxe6 fxe6 7. cxb5 Be7 8.
g3 O-O 9. Bg2 Qa5 10. a4 a6 11. bxa6 Nxa6 12. O-O Nb4 13. b3 Rad8 14. Nc4 Qa6
15. Bb2 d5 16. Nce5 d4 17. Nd3 Nbd5 18. Qc2 Ne4 19. Nxd4 Nxf2 20. Nxc5 Bxc5 21.
Qxc5 Ng4 22. Rxf8+ Rxf8 23. Ba3 Rf2 24. Bf3 h5 25. Bxg4 Ne3 26. Kxf2 Nxg4+ 27.
Kg1 1-0

[Event "FRA Team Ch"]
[Site "MONTPELLIER"]
[Date "2002.02.03"]
[Round "3.4"]
[White "Guidarelli, Laurent"]
[Black "Prie, Eric"]
[Result "1/2-1/2"]
[WhiteElo "2283"]
[BlackElo "2497"]
[PlyCount "94"]
[EventDate "2002.02.??"]
[WhiteTeam "Orange"]
[BlackTeam "Montpellier"]

1. e4 c5 2. Nc3 Nc6 3. f4 e6 4. Nf3 Nge7 5. d4 cxd4 6. Nxd4 Nxd4 7. Qxd4 Nc6 8.
Qf2 d5 9. exd5 exd5 10. Be3 Bb4 11. Bc5 Bxc3+ 12. bxc3 Qf6 13. Qe3+ Qe6 14.
Qxe6+ Bxe6 15. Bb5 Kd7 16. O-O f5 17. c4 dxc4 18. Rad1+ Kc7 19. Bd6+ Kc8 20.
Rfe1 Re8 21. Bxc4 Bd7 22. Rxe8+ Bxe8 23. Be6+ Bd7 24. Bxd7+ Kxd7 25. Be5+ Ke6
26. Bxg7 Rc8 27. Rd3 Nb4 28. Rb3 Nxa2 29. Rxb7 Rxc2 30. Rxa7 Nc1 31. Be5 Nd3
32. h3 Nxe5 33. fxe5 Kxe5 34. Rxh7 Kf6 35. Ra7 Kg5 36. Ra8 Kh4 37. Ra5 Kg3 38.
Ra3+ Kh4 39. Rf3 Kg5 40. Kh2 Ra2 41. Kg3 f4+ 42. Kh2 Ra1 43. Rb3 Rc1 44. Rb5+
Kg6 45. h4 Rc3 46. Rg5+ Kf6 47. Kg1 Rg3 1/2-1/2

[Event "FRA Team Ch"]
[Site "MONTPELLIER"]
[Date "2002.02.03"]
[Round "3.6"]
[White "Rouchouse, Stevens"]
[Black "Santo-Roman, Marc"]
[Result "0-1"]
[WhiteElo "2185"]
[BlackElo "2413"]
[PlyCount "82"]
[EventDate "2002.02.??"]
[WhiteTeam "Orange"]
[BlackTeam "Montpellier"]

1. e4 c5 2. Nf3 e6 3. d4 cxd4 4. Nxd4 Qb6 5. Nb3 d6 6. Be3 Qc7 7. Nc3 a6 8. a4
Nf6 9. Be2 Nbd7 10. f4 b6 11. Bf3 Bb7 12. Qe2 Be7 13. O-O O-O 14. g4 d5 15.
exd5 exd5 16. Qg2 Rfe8 17. Nxd5 Bxd5 18. Bxd5 Nxd5 19. Qxd5 Rad8 20. Qg2 Bf6
21. Bd4 Qc4 22. Rad1 Re2 23. Rf2 Qxc2 24. Rc1 Qxb3 25. Rxe2 Bxd4+ 26. Kh1 Nf8
27. Rce1 Qxa4 28. Qe4 Qb5 29. Rd2 Bf6 30. Rc2 g6 31. f5 Rd4 32. Qf3 Qd5 33.
Qxd5 Rxd5 34. fxg6 hxg6 35. Rf1 Be5 36. Rff2 Ne6 37. Rc4 a5 38. h4 Bg3 39. Rf3
Bxh4 40. Rb3 Bf2 41. Kg2 Bc5 0-1

[Event "FRA Team Ch"]
[Site "MONTPELLIER"]
[Date "2002.02.03"]
[Round "3.7"]
[White "Letreguilly, Olivier"]
[Black "Kovarcik, Thomas"]
[Result "1/2-1/2"]
[WhiteElo "2306"]
[BlackElo "2243"]
[PlyCount "94"]
[EventDate "2002.02.??"]
[WhiteTeam "Montpellier"]
[BlackTeam "Orange"]

1. Nf3 d5 2. c4 c6 3. b3 Nf6 4. Bb2 Bf5 5. g3 e6 6. Bg2 h6 7. O-O Be7 8. d3
Nbd7 9. Nbd2 O-O 10. Qc2 Bh7 11. Rac1 Bd6 12. Qb1 Qe7 13. Rfe1 e5 14. e4 d4 15.
Re2 a5 16. a4 Bb4 17. Rf1 Nc5 18. Bc1 Nfd7 19. Nh4 g5 20. Nf5 Bxf5 21. exf5
Bxd2 22. Bxd2 Qf6 23. Be4 Nxe4 24. dxe4 Qg7 25. f4 f6 26. fxg5 hxg5 27. Qd1 Kf7
28. h3 Rh8 29. Rh2 Rh7 30. Kg2 b6 31. Qg4 Rg8 32. Rb1 c5 33. Kf2 Qf8 34. Rbh1
Qa8 35. Qf3 Rgh8 36. Kg2 Qg8 37. Qd3 Nb8 38. Bc1 Nc6 39. Qe2 Rh5 40. Qg4 Ne7
41. Qe2 Nc6 42. Qd3 Qa8 43. Bd2 Ne7 44. g4 Rh4 45. Rf1 Qg8 46. Qf3 Nc6 47. Qd3
Ne7 1/2-1/2

[Event "FRA Team Ch"]
[Site "MONTPELLIER"]
[Date "2002.02.03"]
[Round "3.8"]
[White "Kovarcik, Guillaume"]
[Black "Boudre, Jean-Pierre"]
[Result "1/2-1/2"]
[WhiteElo "2181"]
[BlackElo "2384"]
[PlyCount "73"]
[EventDate "2002.02.??"]
[WhiteTeam "Orange"]
[BlackTeam "Montpellier"]

1. Nc3 Nf6 2. e4 e5 3. g3 Bb4 4. Bg2 c6 5. Nge2 O-O 6. O-O h6 7. d4 d6 8. dxe5
dxe5 9. Qxd8 Rxd8 10. h3 b6 11. Be3 Ba6 12. Rfd1 Nbd7 13. a3 Bc5 14. Bxc5 Nxc5
15. f3 Kf8 16. Kf2 Ke7 17. Rxd8 Rxd8 18. Rd1 Rxd1 19. Nxd1 Ne8 20. Ne3 Nd6 21.
Bf1 Ne6 22. Nc1 Bxf1 23. Kxf1 h5 24. Nd3 f6 25. Kf2 g6 26. Nb4 Kd7 27. Nd3 a5
28. Ke2 Nd4+ 29. Kf2 Ke7 30. Nc1 f5 31. exf5 gxf5 32. c3 Ne6 33. Nd3 Kf6 34. f4
exf4 35. gxf4 Ne4+ 36. Kf3 a4 37. Nc4 1/2-1/2

[Event "FRA Team Ch"]
[Site "MONTPELLIER"]
[Date "2002.02.03"]
[Round "3.9"]
[White "Flear, Christine"]
[Black "Dacalor, Aurelie"]
[Result "1/2-1/2"]
[WhiteElo "2164"]
[BlackElo "2137"]
[PlyCount "96"]
[EventDate "2002.02.??"]
[WhiteTeam "Montpellier"]
[BlackTeam "Orange"]

1. d4 Nf6 2. c4 d6 3. Nc3 Bf5 4. f3 Nbd7 5. e4 Bg6 6. Be3 e5 7. d5 Be7 8. Bd3
O-O 9. Nge2 Ne8 10. Qd2 c6 11. O-O Nb6 12. g4 Rc8 13. b3 cxd5 14. cxd5 a6 15.
Ng3 Nd7 16. Rac1 Nc5 17. Bb1 b5 18. Kh1 Qd7 19. Nf5 Bd8 20. Ne2 a5 21. Neg3 b4
22. Rc4 Nb7 23. Rxc8 Qxc8 24. Rc1 Qd7 25. Qc2 Bxf5 26. Nxf5 Qb5 27. Qd2 g6 28.
Bd3 Qd7 29. Bh6 gxf5 30. gxf5 f6 31. Rg1+ Kf7 32. Bxf8 Kxf8 33. Qh6+ Ng7 34.
Qxh7 Qf7 35. Bb5 Qg8 36. Qh6 Be7 37. Bd7 Nd8 38. Be6 Nf7 39. Qc1 Qh7 40. Qc8+
Nd8 41. Qc7 Ne8 42. Qc2 Nf7 43. Rg6 Qh3 44. Qf2 Ng7 45. Rg3 Qh5 46. Bxf7 Kxf7
47. Qa7 Qh6 48. Qd7 Qh8 1/2-1/2

[Event "FRA Team Ch"]
[Site "MONACO"]
[Date "2002.02.03"]
[Round "3.4"]
[White "Marcelin, Cyril"]
[Black "Eliet, Nicolas"]
[Result "0-1"]
[WhiteElo "2455"]
[BlackElo "2401"]
[PlyCount "182"]
[EventDate "2000.02.??"]
[WhiteTeam "Noyon"]
[BlackTeam "Gonfreville"]

1. d4 d5 2. c4 e6 3. Nc3 Nf6 4. cxd5 exd5 5. Bg5 c6 6. Qc2 Na6 7. a3 Nc7 8. e3
Be7 9. Bd3 g6 10. h4 Ne6 11. Bxf6 Bxf6 12. h5 Qe7 13. Nge2 Bd7 14. b4 Rg8 15.
hxg6 hxg6 16. b5 Qd6 17. Qb3 Ke7 18. Kd2 Rh8 19. g3 Rxh1 20. Rxh1 Kf8 21. Nf4
Nxf4 22. gxf4 Kg7 23. Qb4 Be7 24. bxc6 Bxc6 25. Qxd6 Bxd6 26. Nb1 Rc8 27. Rc1
Rh8 28. Ke2 Kf6 29. Kf3 Ke6 30. Kg2 Kd7 31. Rc3 b5 32. Rb3 Rb8 33. Nc3 a6 34.
f5 g5 35. Kf3 Rh8 36. Ne2 Rh1 37. Nc3 Rg1 38. Nxb5 g4+ 39. Ke2 axb5 40. Bxb5
Ra1 41. a4 Ra2+ 42. Kf1 Be7 43. Be2 Bh4 44. Rb8 g3 45. Rh8 Bf6 46. Rh7 Ke7 47.
fxg3 Bg5 48. Bh5 Be8 49. Bf3 Bxe3 50. Bxd5 Rf2+ 51. Ke1 Rxf5 52. Be4 Rf6 53. g4
Bxd4 54. Ke2 Rf2+ 55. Kd3 Bf6 56. a5 Ra2 57. Rh5 Ra3+ 58. Kc4 Ra4+ 59. Kd3 Ra3+
60. Kc4 Bd7 61. g5 Be6+ 62. Kb4 Rb3+ 63. Kc5 Rc3+ 64. Kb5 Bd4 65. a6 Rc5+ 66.
Kb4 Re5 67. Bd3 Be3 68. Rh8 Rxg5 69. Rb8 Rg4+ 70. Kc3 Ra4 71. Bb5 Ra1 72. Kb2
Bd4+ 73. Kc2 f5 74. Kd3 Bg1 75. Ke2 f4 76. Kf3 Be3 77. Ke4 Kd6 78. Rd8+ Kc5 79.
Be2 Bh3 80. Rg8 Ra4+ 81. Ke5 Kb4 82. Rg6 Kc3 83. Rd6 Ra5+ 84. Kf6 Bd4+ 85. Kg6
Bg2 86. Bg4 Be4+ 87. Kh6 f3 88. Re6 f2 89. Bh3 Bd3 90. Rc6+ Kd2 91. Rd6 Rxa6
0-1

[Event "FRA Team Ch"]
[Site "MONACO"]
[Date "2002.02.03"]
[Round "3.6"]
[White "Carton, Camille"]
[Black "Vallin, Guillaume"]
[Result "1/2-1/2"]
[WhiteElo "2221"]
[BlackElo "2356"]
[PlyCount "116"]
[EventDate "2000.02.??"]
[WhiteTeam "Noyon"]
[BlackTeam "Gonfreville"]

1. e4 e6 2. d4 d5 3. Nc3 Nf6 4. Bg5 Bb4 5. exd5 Qxd5 6. Bxf6 gxf6 7. a3 Bxc3+
8. bxc3 c5 9. Qf3 Qxf3 10. Nxf3 b6 11. Be2 Nd7 12. O-O Bb7 13. Rfd1 Rg8 14. Ne1
Ke7 15. a4 Rgc8 16. a5 f5 17. Rdb1 cxd4 18. cxd4 Be4 19. f3 Bc6 20. c4 bxa5 21.
Rxa5 Nb6 22. Rba1 Rc7 23. Nc2 Be8 24. Na3 Rd8 25. c5 Nd5 26. Nc2 Ra8 27. Bc4
Bc6 28. Bxd5 Bxd5 29. Nb4 Bc4 30. Rc1 Be2 31. d5 Rb7 32. d6+ Kf6 33. Nc2 Rb5
34. Rxb5 Bxb5 35. Nd4 Ba4 36. Rc4 Be8 37. c6 e5 38. Nb5 Ke6 39. d7 Bxd7 40.
cxd7 Kxd7 41. Rc7+ Ke6 42. Rxa7 Rb8 43. Nc3 Rb6 44. Kf2 Rc6 45. Ne2 f4 46. Ke1
Kf6 47. Ra5 Rc2 48. g3 fxg3 49. hxg3 h5 50. Ra4 Kg5 51. Kf2 Rc5 52. Ke3 f5 53.
Ra8 f4+ 54. gxf4+ exf4+ 55. Kd4 Rb5 56. Rg8+ Kh4 57. Nxf4 Rb4+ 58. Ke3 Re4+
1/2-1/2

[Event "FRA Team Ch"]
[Site "MONACO"]
[Date "2002.02.03"]
[Round "3.8"]
[White "Bernard, Jacques"]
[Black "Gouret, Thierry"]
[Result "1/2-1/2"]
[WhiteElo "2235"]
[BlackElo "2270"]
[PlyCount "49"]
[EventDate "2000.02.??"]
[WhiteTeam "Noyon"]
[BlackTeam "Gonfreville"]

1. e4 e5 2. Nf3 Nc6 3. Bb5 Nge7 4. O-O g6 5. d4 exd4 6. Nxd4 Bg7 7. Be3 O-O 8.
Nc3 a6 9. Be2 d6 10. Qd2 f5 11. Bc4+ Kh8 12. Ne6 Bxe6 13. Bxe6 fxe4 14. Nxe4 d5
15. Ng5 Qd6 16. Rad1 Rad8 17. c4 d4 18. Qc1 Qe5 19. Bd2 Qf6 20. Rde1 Ne5 21.
Rxe5 Qxe5 22. Nf7+ Rxf7 23. Bxf7 Qf5 24. Bd5 Nxd5 25. cxd5 1/2-1/2

[Event "FRA Team Ch"]
[Site "MONACO"]
[Date "2002.02.03"]
[Round "3.9"]
[White "Gervais, Claire"]
[Black "Wolfangel, Florence"]
[Result "0-1"]
[WhiteElo "2169"]
[BlackElo "1960"]
[PlyCount "74"]
[EventDate "2000.02.??"]
[WhiteTeam "Gonfreville"]
[BlackTeam "Noyon"]

1. d4 Nf6 2. c4 g6 3. Nc3 Bg7 4. e4 d6 5. f3 O-O 6. Bg5 c5 7. d5 Ne8 8. Qd2 f5
9. Nge2 fxe4 10. Nxe4 Nd7 11. N2c3 Ndf6 12. Ng3 e6 13. Bh6 Qe7 14. Bxg7 Nxg7
15. Be2 exd5 16. cxd5 a6 17. a4 Nfh5 18. Nxh5 Nxh5 19. O-O Nf4 20. Ne4 Qe5 21.
Bc4 b6 22. Rae1 Qe7 23. Qc3 Qd8 24. Rf2 Rb8 25. Rd2 b5 26. axb5 axb5 27. Bf1 b4
28. Qe3 Rb7 29. Ba6 Rc7 30. Bxc8 Rxc8 31. g3 Nh5 32. Kg2 Rc7 33. Ng5 Ng7 34.
Ne6 Nxe6 35. Qxe6+ Kg7 36. Rde2 Rcf7 37. f4 Qb6 0-1

[Event "FRA Team Ch"]
[Site "MONACO"]
[Date "2002.02.03"]
[Round "3.2"]
[White "Rotstein, Arkadij"]
[Black "Dgebuadze, Alexandre"]
[Result "1/2-1/2"]
[WhiteElo "2535"]
[BlackElo "2544"]
[PlyCount "30"]
[EventDate "2000.02.??"]
[WhiteTeam "Monaco"]
[BlackTeam "Sautron"]

1. c4 e5 2. Nc3 Nc6 3. g3 g6 4. Bg2 d6 5. Rb1 Bg7 6. b4 Nf6 7. b5 Nd4 8. e3 Ne6
9. Nge2 O-O 10. O-O Nd7 11. Nd5 f5 12. Bb2 a6 13. a4 a5 14. d4 Nb8 15. Ba3 b6 {
illisible (nulle au 66eme coup)} 1/2-1/2

[Event "FRA Team Ch"]
[Site "MONACO"]
[Date "2002.02.03"]
[Round "3.3"]
[White "Belkhodja, Slim"]
[Black "Kosten, Anthony C"]
[Result "1/2-1/2"]
[WhiteElo "2506"]
[BlackElo "2533"]
[PlyCount "47"]
[EventDate "2000.02.??"]
[WhiteTeam "Sautron"]
[BlackTeam "Monaco"]

1. e4 e6 2. d4 d5 3. Nc3 Nf6 4. Bg5 dxe4 5. Bxf6 gxf6 6. Nxe4 f5 7. Ng3 c5 8.
Bb5+ Nc6 9. Bxc6+ bxc6 10. dxc5 Qxd1+ 11. Rxd1 Bxc5 12. Nf3 Rb8 13. b3 Bb4+ 14.
Ke2 Bc3 15. Kd3 Ba5 16. Ne5 Bb7 17. Ke2 Bc7 18. f4 Bxe5 19. fxe5 h5 20. Ke3 c5
21. Rhg1 Ke7 22. Ne2 c4 23. Nf4 Be4 24. Rd4 1/2-1/2

[Event "FRA Team Ch"]
[Site "MONACO"]
[Date "2002.02.03"]
[Round "3.4"]
[White "Bauer, Christian"]
[Black "Lopez Martinez, Josep Manuel"]
[Result "1-0"]
[WhiteElo "2578"]
[BlackElo "2470"]
[PlyCount "119"]
[EventDate "2000.02.??"]
[WhiteTeam "Monaco"]
[BlackTeam "Sautron"]

1. e4 c5 2. Nf3 d6 3. d4 Nf6 4. Nc3 cxd4 5. Nxd4 g6 6. Be3 Bg7 7. f3 a6 8. Qd2
Nbd7 9. g4 b5 10. g5 Nh5 11. a4 bxa4 12. Rxa4 Bb7 13. Rb4 Nc5 14. Nb3 Nxb3 15.
cxb3 Bc6 16. Rb6 Qc8 17. Bc4 O-O 18. O-O a5 19. Rc1 Qd7 20. Nd5 Bxd5 21. Bxd5
Rac8 22. Kg2 e6 23. Rb7 Qd8 24. Bc6 e5 25. Rd7 Qe8 26. Qxd6 Nf4+ 27. Kf1 Rb8
28. Bxf4 exf4 29. Rxf7 Qe5 30. Qxe5 Bxe5 31. Re7 Bd6 32. Ra7 Kh8 33. Bd5 Be5
34. Ke2 Rfc8 35. Rxc8+ Rxc8 36. Rxa5 Bxb2 37. b4 h6 38. gxh6 Rc2+ 39. Kd1 Rxh2
40. b5 Bd4 41. Ra6 Rb2 42. Bc6 Kh7 43. Be8 Kxh6 44. Rxg6+ Kh7 45. Rd6 Be3 46.
e5 Kg7 47. Rd7+ Kf8 48. Bg6 Rg2 49. Bd3 Rg5 50. e6 Re5 51. Bc4 Rc5 52. Rf7+ Ke8
53. Bb3 Re5 54. Kc2 Kd8 55. Rd7+ Kc8 56. Bd5 Bb6 57. Bb7+ Kb8 58. e7 Re2+ 59.
Kd1 Re5 60. Ba6 1-0

[Event "FRA Team Ch"]
[Site "MONACO"]
[Date "2002.02.03"]
[Round "3.6"]
[White "Miralles, Gilles"]
[Black "Gerard, Nicolas"]
[Result "1/2-1/2"]
[WhiteElo "2273"]
[BlackElo "2467"]
[PlyCount "91"]
[EventDate "2000.02.??"]
[WhiteTeam "Monaco"]
[BlackTeam "Sautron"]

1. e4 c5 2. d4 cxd4 3. c3 d5 4. exd5 Qxd5 5. cxd4 Nc6 6. Nf3 e5 7. Nc3 Bb4 8.
Bd2 Bxc3 9. Bxc3 e4 10. Ne5 Nxe5 11. dxe5 Ne7 12. Be2 O-O 13. O-O Bf5 14. Qa4
Qe6 15. Bc4 Qg6 16. Rfe1 a6 17. Qb3 b5 18. Bf1 Be6 19. Qb4 Nd5 20. Qxe4 Qxe4
21. Rxe4 Nxc3 22. bxc3 Rfc8 23. a4 bxa4 24. Rexa4 Rxc3 25. Rxa6 Rxa6 26. Bxa6
g6 27. h4 h5 28. Ra5 Kg7 29. f3 Rb3 30. Rb5 Ra3 31. Bb7 Ra4 32. Be4 Rd4 33. Kf2
Rd2+ 34. Kg3 Bc4 35. Rc5 Be6 36. Rc2 Rd4 37. Kf2 Ra4 38. Ke3 Ra3+ 39. Kf4 Kh6
40. Rc5 Ra2 41. Kg3 Rd2 42. Rc2 Rd4 43. Rc6 Ra4 44. Rd6 Ra5 45. Kf4 Ra4 46. Ke3
1/2-1/2

[Event "FRA Team Ch"]
[Site "MONACO"]
[Date "2002.02.03"]
[Round "3.7"]
[White "Berthelot, Yannick"]
[Black "Efimov, Igor"]
[Result "0-1"]
[WhiteElo "2273"]
[BlackElo "2455"]
[PlyCount "82"]
[EventDate "2000.02.??"]
[WhiteTeam "Sautron"]
[BlackTeam "Monaco"]

1. e4 c5 2. Nf3 d6 3. d4 cxd4 4. Nxd4 Nf6 5. Nc3 Bd7 6. f3 e5 7. Nb3 Bc6 8. Be3
Be7 9. Qd2 O-O 10. O-O-O a5 11. a4 Na6 12. Qf2 Qe8 13. Bb5 Nc7 14. Bxc6 bxc6
15. Bb6 Ne6 16. Nxa5 c5 17. b3 Nd4 18. Nc4 Qc6 19. Kb2 Rfb8 20. a5 g6 21. Ra1
h5 22. Ne3 Kg7 23. Qf1 Nd7 24. Ncd5 Nxb6 25. Nxb6 Rxa5 26. Rxa5 Qxb6 27. Qa6
Qb4 28. Ra3 Nb5 29. Nd5 Qd4+ 30. Kb1 Nxa3+ 31. Qxa3 Bg5 32. Qa7 Rf8 33. Qa6 h4
34. Qd3 f5 35. Qxd4 exd4 36. Re1 fxe4 37. Rxe4 h3 38. gxh3 Rxf3 39. h4 Bf6 40.
Re6 Rf1+ 41. Ka2 d3 0-1

[Event "FRA Team Ch"]
[Site "MONACO"]
[Date "2002.02.03"]
[Round "3.8"]
[White "Marciano, David"]
[Black "Crouan, Stephane"]
[Result "1/2-1/2"]
[WhiteElo "2505"]
[BlackElo "2307"]
[PlyCount "75"]
[EventDate "2000.02.??"]
[WhiteTeam "Monaco"]
[BlackTeam "Sautron"]

1. e4 c5 2. Nf3 Nc6 3. c3 d5 4. exd5 Qxd5 5. d4 Bg4 6. Be2 e6 7. h3 Bh5 8. c4
Qd7 9. g4 Bg6 10. d5 exd5 11. cxd5 Nb4 12. Ne5 Qxd5 13. Bb5+ Kd8 14. O-O Kc7
15. Bf4 Bd6 16. Nc3 Qd4 17. Ne2 Qe4 18. f3 Qc2 19. Rc1 Qxd1 20. Rfxd1 Bxe5 21.
Bxe5+ Kb6 22. Bxg7 Kxb5 23. Bxh8 Ne7 24. Nc3+ Kc6 25. Bf6 Ned5 26. Nxd5 Nxd5
27. Bg5 Nb4 28. Rd8 Rxd8 29. Bxd8 Nxa2 30. Ra1 Nb4 31. Rxa7 Nd3 32. Bf6 c4 33.
Kh2 b5 34. Kg3 Nc5 35. h4 h5 36. Bc3 Nd3 37. gxh5 Bxh5 38. Ra6+ 1/2-1/2

[Event "FRA Team Ch"]
[Site "MONACO"]
[Date "2002.02.01"]
[Round "3.9"]
[White "Marchadour, Claire"]
[Black "Lallemand, Roza"]
[Result "0-1"]
[WhiteElo "2127"]
[BlackElo "2291"]
[PlyCount "58"]
[EventDate "2000.02.??"]
[WhiteTeam "Sautron"]
[BlackTeam "Monaco"]

1. e4 c5 2. Nf3 d6 3. d4 cxd4 4. Nxd4 Nf6 5. Nc3 Nc6 6. f3 e5 7. Nb3 Be7 8. Be3
O-O 9. Qd2 a5 10. Bb5 Na7 11. Bd3 Be6 12. Rd1 Nc8 13. a3 Nb6 14. Qf2 Nfd7 15.
O-O Nc4 16. Bxc4 Bxc4 17. Rfe1 b5 18. Nd5 f5 19. Nxe7+ Qxe7 20. Qd2 fxe4 21.
fxe4 Nf6 22. Bg5 Qa7+ 23. Qe3 Qc7 24. Qd2 h6 25. Bh4 Qf7 26. Bxf6 Qxf6 27. Nxa5
Rxa5 28. Qxa5 Qf2+ 29. Kh1 Bf1 0-1

[Event "FRA Team Ch"]
[Site "DRANCY"]
[Date "2002.02.03"]
[Round "3.1"]
[White "Komarov, Dimitri"]
[Black "Degraeve, Jean-Marc"]
[Result "1-0"]
[WhiteElo "2537"]
[BlackElo "2591"]
[PlyCount "41"]
[EventDate "2000.02.??"]
[WhiteTeam "Drancy"]
[BlackTeam "Clichy"]

1. d4 Nf6 2. Nf3 c5 3. d5 b5 4. Bg5 Ne4 5. Bf4 Bb7 6. a4 b4 7. c4 e6 8. Qd3 Nf6
9. e4 exd5 10. exd5 d6 11. Nbd2 Be7 12. O-O-O O-O 13. Qc2 Bc8 14. Bd3 b3 15.
Nxb3 Bd7 16. Nxc5 Ne8 17. Rhe1 dxc5 18. d6 Bxd6 19. Bxd6 Qa5 20. Bxf8 Kxf8 21.
Rxe8+ 1-0

[Event "FRA Team Ch"]
[Site "DRANCY"]
[Date "2002.02.03"]
[Round "3.2"]
[White "Conquest, Stuart"]
[Black "David, Alberto"]
[Result "1-0"]
[WhiteElo "2596"]
[BlackElo "2516"]
[PlyCount "131"]
[EventDate "2000.02.??"]
[WhiteTeam "Clichy"]
[BlackTeam "Drancy"]

1. d4 d5 2. c4 dxc4 3. Nf3 Nf6 4. e3 e6 5. Bxc4 c5 6. O-O a6 7. Bd3 b6 8. e4
Bb7 9. e5 Nd5 10. Nc3 cxd4 11. Bg5 Qd7 12. Nxd5 Qxd5 13. Re1 h6 14. Bd2 Nc6 15.
Rc1 Be7 16. Re4 g6 17. a3 Kf8 18. h4 Kg7 19. Qe2 b5 20. Rg4 Qd7 21. Rd1 Rad8
22. Bc1 Qe8 23. b4 Kg8 24. Qc2 Kg7 25. Bb2 h5 26. Rg3 Rg8 27. Re1 Rc8 28. Qb1
Kf8 29. Qc1 Qd7 30. Qh6+ Ke8 31. Qh7 Rf8 32. Bc1 Kd8 33. Bh6 Kc7 34. Bxf8 Rxf8
35. Qg7 Kb6 36. Ng5 Qe8 37. Ne4 Rg8 38. Nf6 Rxg7 39. Nxe8 Rg8 40. Nd6 Bxd6 41.
exd6 Rd8 42. Rf3 Rd7 43. Rf4 Nd8 44. Rxd4 Nc6 45. Rf4 Rxd6 46. Be2 f5 47. Rd1
Kc7 48. Rxd6 Kxd6 49. Rf3 Nd4 50. Rd3 e5 51. Bd1 f4 52. Bb3 Be4 53. Rd2 Bd5 54.
Bc2 Nxc2 55. Rxc2 Bc4 56. Rd2+ Bd5 57. f3 Ke6 58. Kf2 Kd6 59. Rd1 Ke6 60. Rg1
Bc4 61. Rd1 Bd5 62. Rg1 Bc4 63. g3 fxg3+ 64. Rxg3 Bd3 65. Ke3 Bf5 66. Rg1 1-0